Wine production technology in the United States : a symposium /
Uložené v:
| Korporativný autor: | |
|---|---|
| Ďalší autori: | |
| Médium: | Kniha |
| Jazyk: | English |
| Vydavateľské údaje: |
Washington, D.C.
American Chemical Society
1981.
|
| Edícia: | ACS symposium series ;
145. |
| Predmet: | |
| On-line prístup: | View in OPAC |
| Tagy: |
Žiadne tagy, Buďte prvý, kto otaguje tento záznam!
|
MARC
| LEADER | 00000cam a2200000 i 4500 | ||
|---|---|---|---|
| 005 | 20260127134334.0 | ||
| 008 | 050413s1981 dcua b 101 0 eng | ||
| 010 | |a 80-028041 | ||
| 020 | |a 0841205957 | ||
| 020 | |a 0841206023 (pbk.) | ||
| 035 | |a vtls001523562 | ||
| 035 | |a (DLC) 80028041 | ||
| 035 | |a ()2299661 | ||
| 039 | 9 | |a 200504130758 |b mschk03 |y 200504130752 |z mschk03 | |
| 040 | |a STUSCHK1 |b slo |c STUSCHK1 | ||
| 043 | |a n-us--- | ||
| 082 | 0 | 0 | |a 663/.22/0973 |2 19 |
| 245 | 0 | 0 | |a Wine production technology in the United States : |b a symposium / |c sponsored by the Division of Industrial and Engineering Chemistry at the Second Chemical Congress of the North American Continent, 180th ACS National Meeting, Las Vegas, Nevada, August 26, 1980 ; Maynard A. Amerine, editor. |
| 260 | |a Washington, D.C. |b American Chemical Society |c 1981. | ||
| 300 | |a x, 229 p. |b ill. |c 24 cm. | ||
| 490 | 1 | |a ACS symposium series ; |v 145 |x 0097-6156 | |
| 504 | |a Includes bibliographical and index. | ||
| 650 | 0 | |a Wine and wine making |z United States |x Congresses. | |
| 700 | 1 | |a Amerine, M. A. |q (Maynard Andrew), |d 1911- | |
| 710 | 2 | |a American Chemical Society. |b Division of Industrial and Engineering Chemistry | |
| 830 | 0 | |a ACS symposium series ; |v 145. | |
| 906 | |a 7 |b cbc |c orignew |d 1 |e ocip |f 19 |g y-gencatlg | ||
| 910 | |a SCHK95 | ||
| 919 | |a 0-8412-0602-3 | ||
| 991 | |b c-GenColl |h TP557 |i .W69 |t Copy 1 |w BOOKS | ||
| 999 | |c 10243 |d 10243 | ||